| 000 | 03406cam a2200709 i 4500 | ||
|---|---|---|---|
| 001 | 22672030 | ||
| 003 | ARRUPE | ||
| 005 | 20221129151116.0 | ||
| 008 | 220629s2020 nyu 000 f eng d | ||
| 010 | _a 2022275275 | ||
| 020 |
_a9781643133256 _q(hardcover) |
||
| 020 |
_a164313325X _q(hardcover) |
||
| 028 | _bArrupe | ||
| 035 | _a(OCoLC)on1137316869 | ||
| 040 |
_aJAG _beng _cJAG _erda _dJAG _dOCLCO _dOMN _dOCLCF _dOCL _dTXSCH _dINR _dOCL _dYDX _dB@L _dDE# _dOTZ _dOCLCO _dOCLCQ _dOCLCO _dDLC |
||
| 042 | _alccopycat | ||
| 043 |
_ae-un--- _ae-uk-en |
||
| 050 | 0 | 0 |
_aPR6113.I556 _bI64 2020 |
| 082 | 0 | 4 |
_a823/.92 _223 |
| 100 | 1 |
_aMiller, Andrew, _d1974- _eauthor. _952078 |
|
| 245 | 1 | 0 |
_aIndependence Square : _ba novel / _cA.D. Miller. |
| 250 | _aFirst Pegasus books cloth edition. | ||
| 300 |
_a281 pages ; _c22 cm |
||
| 500 | _a"A Booker Prize finalist"--Dust jacket. | ||
| 520 | _aOnce a senior diplomat in Kiev, Simon Davey lost everything after a lurid scandal. Back in London, still struggling with the aftermath of his disgrace, he is traveling on the Tube when he sees her. ... This woman, Olesya, is the person Simon holds responsible for his downfall. He first met her on an icy night during the protests on Independence Square. Full of hope and idealism, Olesya could not know what a crucial role she would play in the dangerous times ahead--and in Simon's fate. Or what compromises she would have to make to protect her family. When Simon decides to follow Olesya, he finds himself plunged back into the dramatic days which changed his life forever. And he begins to see that her past has not been what he thought it was, and neither has his own. | ||
| 648 | 7 |
_a2004 _2fast _952079 |
|
| 650 | 0 |
_aDiplomats _vFiction. _952080 |
|
| 650 | 0 |
_aCorruption _vFiction. _952081 |
|
| 650 | 0 |
_aBetrayal _vFiction. _937398 |
|
| 650 | 6 |
_aDiplomates _vRomans, nouvelles, etc. _952082 |
|
| 650 | 6 |
_aCorruption _vRomans, nouvelles, etc. _952083 |
|
| 650 | 6 |
_aTrahison (Morale) _vRomans, nouvelles, etc. _952084 |
|
| 650 | 7 |
_aBetrayal. _2fast _952085 |
|
| 650 | 7 |
_aCorruption. _2fast _952086 |
|
| 650 | 7 |
_aDiplomats. _2fast _952087 |
|
| 650 | 7 |
_aDiplomats _vFiction. _2sears _952080 |
|
| 650 | 7 |
_aBetrayal _vFiction. _2sears _937398 |
|
| 650 | 7 |
_aPolitical corruption _vFiction. _2sears _952088 |
|
| 651 | 0 |
_aUkraine _xHistory _yOrange Revolution, 2004 _vFiction. _952089 |
|
| 651 | 6 |
_aUkraine _xHistoire _y2004 (Révolution orange) _vRomans, nouvelles, etc. _952090 |
|
| 651 | 7 |
_aUkraine. _2fast _952091 |
|
| 651 | 7 |
_aUkraine _xHistory _vFiction. _2sears _952092 |
|
| 651 | 7 |
_aLondon (England) _vFiction. _2sears _93723 |
|
| 655 | 7 |
_anovels. _2aat _951302 |
|
| 655 | 7 |
_aFiction. _2fast _951125 |
|
| 655 | 7 |
_aHistory. _2fast _912337 |
|
| 655 | 7 |
_aNovels. _2fast _951302 |
|
| 655 | 7 |
_aPolitical fiction. _2fast _920344 |
|
| 655 | 7 |
_aSpy fiction. _2fast _952093 |
|
| 655 | 7 |
_aThrillers (Fiction) _2fast _952094 |
|
| 655 | 7 |
_aSpy stories. _2gsafd |
|
| 655 | 7 |
_aSuspense fiction. _2gsafd _920384 |
|
| 655 | 7 |
_aPolitical fiction. _2lcgft _920344 |
|
| 655 | 7 |
_aSpy fiction. _2lcgft _952093 |
|
| 655 | 7 |
_aThrillers (Fiction) _2lcgft _952094 |
|
| 655 | 7 |
_aNovels. _2lcgft _951302 |
|
| 655 | 7 |
_aFiction. _2lcgft _951125 |
|
| 655 | 7 |
_aRomans. _2rvmgf _952095 |
|
| 906 |
_a7 _bcbc _ccopycat _d2 _encip _f20 _gy-gencatlg |
||
| 942 |
_2lcc _cMONOGRAPH |
||
| 999 |
_c131598 _d131598 |
||